Louis XIV et ses maîtresses - Statistiques

Statistiques générales
  • Ce quiz a été pris 278 fois
  • Le résultat moyen est 4 sur 14
Statistiques - réponses
Période Type de relation Réponse % Correct
1683-1715 Epouse secrète Madame de Maintenon
93%
1668-1681 Favorite Madame de Montespan
90%
1658-1659 Amour platonique Marie Mancini
50%
1654-1657 Favorite Olympe Mancini
50%
Années 1660 Non prouvée Henriette d'Angleterre
33%
1661-1667 Favorite Louise Françoise de La Baume Le Blanc
17%
1658 Favorite Anne-Madeleine de Conty d'Argencourt
14%
1652-1654 Favorite Catherine-Henriette Bellier
14%
1678 Maîtresse Claude de Vin des Œillets
14%
1679-1681 Favorite Marie-Angélique de Scoraille
12%
1675-1678 Maîtresse Isabelle de Ludres
9%
1665 Maîtresse Catherine Charlotte de Gramont
6%
1665 Maîtresse Madame d'Heudicour
5%
1669-1775 Maîtresse Anne de Rohan-Chabot
4%
Aucun quiz correspondant
Distribution des résultats
% des personnes avec chaque résultat
Percentile par nombre de réponses
Votre historique - résultats
Vous n’avez pas pris ce quiz